Драгоценности Медичи: пер. с фр.; роман

Bibliografiske detaljer
Hovedforfatter: Бенцони Ж. Жюльетта
Sprog:russisk
Udgivet: Москва, Эксмо, 2006
Fag:
Format: MixedMaterials Bog
KOHA link:https://koha.lib.tpu.ru/cgi-bin/koha/opac-detail.pl?biblionumber=100453

MARC

LEADER 00000nam0a2200000 4500
001 100453
005 20231031112121.0
010 |a 5699157395 
010 |a 5-699-15740-9 
035 |a (RuTPU)RU\TPU\book\108092 
090 |a 100453 
100 |a 20060823d2006 m y0rusy50 ca 
101 1 |a rus  |c fre 
102 |a RU 
105 |a y z 000ay 
200 1 |a Драгоценности Медичи  |e пер. с фр.  |e роман  |f Ж. Бенцони 
210 |a Москва  |c Эксмо  |d 2006 
215 |a 384 с. 
610 1 |a французская литература 
610 1 |a романы 
610 1 |a любовные романы 
675 |a 84  |v 3 
700 1 |a Бенцони  |b Ж.  |g Жюльетта 
801 1 |a RU  |b 63413507  |c 20060823  |g PSBO 
801 2 |a RU  |b 63413507  |c 20061018  |g PSBO 
942 |c BK